000 00309nam a2200133Ia 4500
005 20260328104333.0
008 260328s9999||||xx |||||||||||||| ||und||
100 _aKlanten, Robert
245 0 _aRock the Boat /
_cRobert Klanten
260 _bGestalten
300 _a272 p.
650 _aHOTELES
942 _cBK
999 _c11786
_d11786